000 00626cam a2200181 a 4500
020 _a0078814979
082 0 0 _a005.43
_bMIL
_cD
100 1 _aJamsa, Kris,
_929170
245 1 0 _aDOS, the complete reference /
_cKris Jamsa.
250 _a2nd ed.
260 _aBerkeley :
_bOsborne McGraw-Hill,
_cc1990.
300 _axxi, 1278 p. :
_bill. ;
_c22 cm.
500 _a"A comprehensive desktop resource for all IBM PC users. Covers all PC-DOS and MS-DOS versions through 3.3"--Cover.
526 _a0
_b0
_c0
_d005_430000000000000_MIL
650 0 _aIBM Personal Computer
_xProgramming.
_936814
650 0 _aMCE
_9379
942 _2ddc
_cBK
999 _c541776
_d541776